Irène Théry, Des humains comme les autres. Bioéthique, anonymat et genre du don, Paris, Éd. de l’École des hautes études en sciences sociales, 2010 309 p., bibl. (« Cas de figure » 14) (notice n° 1646441)
[ vue normale ]
| 000 -LEADER | |
|---|---|
| fixed length control field | 00602cam a2200145 4500500 |
| 005 - DATE AND TIME OF LATEST TRANSACTION | |
| control field | 20260208002443.0 |
| 041 ## - LANGUAGE CODE | |
| Language code of text/sound track or separate title | fre |
| 042 ## - AUTHENTICATION CODE | |
| Authentication code | dc |
| 100 10 - MAIN ENTRY--PERSONAL NAME | |
| Personal name | Masset, Claude |
| Relator term | author |
| 245 00 - TITLE STATEMENT | |
| Title | Irène Théry, Des humains comme les autres. Bioéthique, anonymat et genre du don, Paris, Éd. de l’École des hautes études en sciences sociales, 2010 309 p., bibl. (« Cas de figure » 14) |
| 260 ## - PUBLICATION, DISTRIBUTION, ETC. | |
| Date of publication, distribution, etc. | 2011.<br/> |
| 500 ## - GENERAL NOTE | |
| General note | 58 |
| 786 0# - DATA SOURCE ENTRY | |
| Note | L'Homme | 200 | 4 | 2011-11-01 | p. 227o-274o | 0439-4216 |
| 856 41 - ELECTRONIC LOCATION AND ACCESS | |
| Uniform Resource Identifier | <a href="https://shs.cairn.info/revue-l-homme-2011-4-page-227o?lang=fr&redirect-ssocas=7080">https://shs.cairn.info/revue-l-homme-2011-4-page-227o?lang=fr&redirect-ssocas=7080</a> |
Pas d'exemplaire disponible.




Réseaux sociaux